000 00245nam a22001097a 4500
999 _c158305
_d158305
082 _a
_b
100 _a
245 _aSamakalika niroopanathinte vyathyastha mukhangal/
_c
260 _aThrissur:
_bCurrent,
_c1995.
650 _a
942 _cBK